[Event "11. Longericher Sommer-Open A"]
[Site "?"]
[Date "2014.08.02"]
[Round "3.17"]
[White "Bieberle, Gerhart"]
[Black "Levink, Clemens"]
[Result "1-0"]
[WhiteElo "1917"]
[BlackElo "1806"]
[PlyCount "147"]
[EventDate "2015.??.??"]
[WhiteTeam "Post-Telekom SV 1925 Aachen e.V."]
[BlackTeam "SV Het Casteel (NL)"]

1. d4 Nf6 2. g3 c5 3. d5 d6 4. Bg2 g6 5. c4 Bg7 6. Nc3 Bd7 7. e4 Na6 8. Nge2
Nc7 9. O-O Qc8 10. f3 h5 11. h4 Nh7 12. Be3 b6 13. Qd3 g5 14. hxg5 Nf8 15. Bf2
Ng6 16. f4 h4 17. gxh4 Nxh4 18. f5 Be5 19. Bg3 f6 20. Bxe5 fxe5 21. Ng3 Qa6 22.
a4 O-O-O 23. Kf2 Nxg2 24. Kxg2 Rdg8 25. g6 Ne8 26. b3 Nf6 27. Rh1 Kb8 28. Rxh8
Rxh8 29. Rh1 Qc8 30. Qd1 Rg8 31. Rh4 a6 32. Qf3 Kb7 33. Rh6 Qf8 34. Rh1 Kc7 35.
Nd1 b5 36. cxb5 axb5 37. Nc3 b4 38. Nd1 Kb6 39. Ne3 Ka5 40. Qe2 Kb6 41. Nc4+
Kb7 42. Ne3 Be8 43. Ng4 Kb6 44. Nh5 Nxd5 45. exd5 Qxf5 46. a5+ Ka7 47. Rh4 Bxg6
48. Ng3 Qg5 49. Kh3 Bf5 50. Nxf5 Qxf5 51. Kg3 Qf4+ 52. Kh3 Qf5 53. Kg2 Rg5 54.
Qf3 Qxf3+ 55. Kxf3 Rg7 56. Rh8 Rf7+ 57. Ke2 Ka6 58. Ra8+ Kb7 59. Re8 Ka6 60.
Ne3 Kxa5 61. Nc4+ Ka6 62. Ne3 Kb7 63. Ng4 Kc7 64. Ra8 Kb7 65. Ra1 Kc7 66. Ne3
Kd7 67. Ra7+ Ke8 68. Nc4 Rh7 69. Nxd6+ Kd8 70. Nc4 Rh2+ 71. Kd3 Rh3+ 72. Ne3
Ke8 73. Rc7 Kf7 74. Rxc5 1-0

[Event "11. Longericher Sommer-Open A"]
[Site "?"]
[Date "2014.08.02"]
[Round "3.18"]
[White "Heyn, Peter"]
[Black "Yon, Gregory"]
[Result "1/2-1/2"]
[WhiteElo "1882"]
[BlackElo "1658"]
[PlyCount "31"]
[EventDate "2015.??.??"]
[WhiteTeam "Düsseldorfer SV 1854"]
[BlackTeam "Turnerschaft Bergisch Gladbach 1"]

1. d4 Nf6 2. Nf3 g6 3. e3 Bg7 4. c4 O-O 5. Nc3 d6 6. Be2 c6 7. O-O Bg4 8. h3
Bd7 9. b4 Na6 10. Qb3 Nc7 11. a4 a6 12. Bb2 d5 13. Ne5 dxc4 14. Bxc4 Be6 15.
Bxe6 Nxe6 16. Nd3 1/2-1/2

[Event "11. Longericher Sommer-Open A"]
[Site "?"]
[Date "2014.08.02"]
[Round "3.19"]
[White "Karwatzki, Hans-Jürgen"]
[Black "Hajek, Florian"]
[Result "0-1"]
[WhiteElo "1702"]
[BlackElo "1879"]
[PlyCount "72"]
[EventDate "2015.??.??"]
[WhiteTeam "Vereinigung der Schachsportfreun"]
[BlackTeam "Pulheimer Sport-Club 1924/57 e.V"]

1. e4 c5 2. Nc3 Nc6 3. f4 g6 4. Bb5 Nd4 5. Nf3 Nxb5 6. Nxb5 d6 7. O-O Bg7 8. d3
a6 9. Nc3 e6 10. Qe1 Ne7 11. Ng5 O-O 12. Qh4 h6 13. Nf3 Nc6 14. Qg3 b5 15. Kh1
Nd4 16. Rf2 Nxf3 17. Rxf3 Bb7 18. Ne2 d5 19. e5 d4 20. Rf2 Qd5 21. Bd2 a5 22.
b3 b4 23. Raf1 a4 24. Qg4 axb3 25. axb3 Ra2 26. f5 exf5 27. Qh3 g5 28. Ng3 f4
29. Nf5 Qe6 30. Bxf4 gxf4 31. Rxf4 Kh7 32. Rg4 Rg8 33. Qg3 Qxf5 34. Rgf4 Qxe5
35. Re1 Qd5 36. Rfe4 Rxc2 0-1

[Event "11. Longericher Sommer-Open A"]
[Site "?"]
[Date "2014.08.02"]
[Round "3.20"]
[White "Evers, Leo"]
[Black "Wärtsch, Michael"]
[Result "1-0"]
[WhiteElo "2087"]
[BlackElo "1743"]
[PlyCount "71"]
[EventDate "2015.??.??"]
[WhiteTeam "SG Porz e.V."]
[BlackTeam "SG Lüdenscheid e"]

1. d4 d5 2. c4 c6 3. Nf3 Nf6 4. e3 Bf5 5. cxd5 cxd5 6. Nc3 a6 7. Ne5 e6 8. g4
Bg6 9. h4 Ne4 10. Qa4+ Nd7 11. Nxd7 b5 12. Qd1 Nxc3 13. bxc3 Qxd7 14. h5 Be4
15. f3 Qc7 16. fxe4 Qg3+ 17. Kd2 dxe4 18. Be2 Rc8 19. Rg1 Qc7 20. Qb3 Bd6 21.
Ba3 O-O 22. g5 Bxa3 23. Qxa3 e5 24. Rac1 Qb6 25. g6 exd4 26. gxf7+ Rxf7 27.
cxd4 Rd8 28. Rc5 Rf6 29. Qc3 Qe6 30. Qb3 Qxb3 31. axb3 Rdf8 32. Rc7 g6 33. hxg6
hxg6 34. Rh1 R6f7 35. Rxf7 Rxf7 36. Rf1 1-0

[Event "11. Longericher Sommer-Open A"]
[Site "?"]
[Date "2014.08.02"]
[Round "3.21"]
[White "Hoffmann, Philipp"]
[Black "van der Valk, Niklas"]
[Result "0-1"]
[WhiteElo "1907"]
[BlackElo "2087"]
[PlyCount "122"]
[EventDate "2015.??.??"]
[WhiteTeam "Oberbilker SV 1960"]
[BlackTeam "Godesberger SK 1929 e.V."]

1. e4 e5 2. f4 Bc5 3. Nf3 d6 4. Bc4 Nf6 5. Nc3 Nc6 6. d3 Bg4 7. h3 Bxf3 8. Qxf3
exf4 9. Bxf4 Nd4 10. Qd1 h6 11. Nb5 Nxb5 12. Bxb5+ c6 13. Bc4 Qb6 14. Bb3 Bf2+
15. Kf1 O-O-O 16. Qf3 Bc5 17. c3 d5 18. e5 Nd7 19. d4 Be7 20. g4 Nf8 21. Kg2
Ne6 22. Rhf1 Rhf8 23. Rae1 f6 24. Qg3 Nxf4+ 25. Rxf4 fxe5 26. Rxf8 Rxf8 27.
Qxe5 Bf6 28. Qe6+ Kc7 29. Re2 Rd8 30. Qe3 Kc8 31. Qf4 Qc7 32. Qxc7+ Kxc7 33.
Bc2 a5 34. a4 b6 35. Bd3 Kd6 36. Kg3 c5 37. dxc5+ bxc5 38. Bb5 Be5+ 39. Kg2 c4
40. Rf2 Bf6 41. Re2 Rc8 42. Rd2 Kc5 43. Kf3 Rc7 44. Re2 Kd6 45. Rd2 Bg5 46. Re2
Re7 47. Rc2 Re1 48. Kg3 Rb1 49. Rf2 Bc1 50. Rf7 Rxb2 51. Rxg7 Rc2 52. Rd7+ Ke6
53. Bc6 Rxc3+ 54. Kg2 Rd3 55. Kf2 c3 56. Ke2 Rd2+ 57. Ke1 c2 58. Bb5 Rd1+ 59.
Ke2 Bf4 60. g5 c1=Q 61. g6 Qe3+ 0-1

[Event "11. Longericher Sommer-Open A"]
[Site "?"]
[Date "2014.08.02"]
[Round "3.22"]
[White "Gelsok, Philipp"]
[Black "Turco, Alfonso"]
[Result "0-1"]
[WhiteElo "1877"]
[BlackElo "2006"]
[PlyCount "78"]
[EventDate "2015.??.??"]
[WhiteTeam "Bergische SF 1923 Ber"]
[BlackTeam "Satranç Club 2000 e.V."]

1. e4 Nc6 2. Nf3 d6 3. d4 Nf6 4. Nc3 Bg4 5. Be3 e6 6. Be2 Be7 7. O-O O-O 8. Nd2
Bxe2 9. Qxe2 d5 10. e5 Nd7 11. f4 f5 12. exf6 Nxf6 13. Nf3 Bb4 14. Nd1 Re8 15.
c3 Bf8 16. Nf2 g6 17. Nd3 Bg7 18. Bf2 Qd6 19. Nd2 Rf8 20. g4 Rae8 21. Bg3 Qd8
22. Rae1 Qc8 23. h3 b6 24. b4 Nd8 25. Rf3 Qa6 26. Rff1 Qc8 27. a4 Nb7 28. Ne5
c5 29. Rc1 Nd6 30. dxc5 bxc5 31. Nd3 Nfe4 32. Nxe4 Nxe4 33. Be1 Qa6 34. Qd1 c4
35. Nb2 Rf7 36. Bd2 Qb6+ 37. Kg2 Qc6 38. b5 Qc7 39. Qe2 g5 0-1

[Event "11. Longericher Sommer-Open A"]
[Site "?"]
[Date "2014.08.02"]
[Round "3.23"]
[White "Küpper, Martin"]
[Black "Gramb, Marius"]
[Result "0-1"]
[WhiteElo "1904"]
[BlackElo "1990"]
[PlyCount "90"]
[EventDate "2015.??.??"]
[WhiteTeam "SC Fulda"]
[BlackTeam "Brühler SK 1920 e.V."]

1. e4 c6 2. d4 d5 3. f3 e6 4. Nc3 Bb4 5. Bd3 dxe4 6. fxe4 Qxd4 7. Nf3 Bxc3+ 8.
bxc3 Qc5 9. Rb1 Nf6 10. Qe2 e5 11. Be3 Qe7 12. O-O O-O 13. Bg5 b6 14. Qf2 Qd6
15. Qg3 Nbd7 16. Nh4 Nh5 17. Qf3 Ndf6 18. Nf5 Bxf5 19. Qxf5 Qe6 20. Bxf6 Nxf6
21. Qg5 h6 22. Qg3 Nh5 23. Qh4 Nf4 24. a4 Nxd3 25. cxd3 Rad8 26. Rf3 Rd7 27.
Rbf1 Qe7 28. Qg4 Rd6 29. h4 Rg6 30. Qh3 Qc5+ 31. Kh1 Qe7 32. Kg1 Qc5+ 33. Kh1
Qe7 34. Kg1 Qe6 35. Rf5 f6 36. Qf3 Qe7 37. Qh5 Kh7 38. Qe2 Rg3 39. Kh2 Rg6 40.
Kg1 Rd8 41. Qc2 c5 42. R5f3 Qd7 43. Kh2 Rg4 44. g3 Kh8 45. Rd1 Rxe4 0-1

[Event "11. Longericher Sommer-Open A"]
[Site "?"]
[Date "2014.08.02"]
[Round "3.24"]
[White "Roefe, Detlef"]
[Black "Kossack, Philipp"]
[Result "0-1"]
[WhiteElo "1937"]
[BlackElo "1913"]
[PlyCount "82"]
[EventDate "2015.??.??"]
[WhiteTeam "SVigung 1928 Alsdorf e"]
[BlackTeam "SG Porz e.V."]

1. c4 Nf6 2. d3 e5 3. e3 g6 4. Nd2 Bg7 5. Ngf3 Nc6 6. a3 a5 7. Be2 O-O 8. O-O
d5 9. Qc2 Qe7 10. Rd1 Rd8 11. Nf1 h6 12. Ng3 Be6 13. Nd2 d4 14. Bf3 Nd7 15. Rb1
a4 16. b4 axb3 17. Nxb3 Nb6 18. Bb2 Na4 19. Ba1 Qxa3 20. Bxc6 bxc6 21. exd4
exd4 22. Nd2 Rdb8 23. h4 Bg4 24. Re1 Nc5 25. Rxb8+ Rxb8 26. Rb1 Rxb1+ 27. Qxb1
Qxd3 28. Qxd3 Nxd3 29. f3 Be6 30. Kf1 c5 31. Nge4 f5 32. Nf2 Ne5 33. Ke2 Nxc4
34. Nb3 Ne3 35. Nxc5 Bc4+ 36. Kd2 Nxg2 37. h5 g5 38. Nh3 Kf7 39. Nd3 Ke6 40.
Bb2 Nh4 41. Ke2 Bxd3+ 0-1

[Event "11. Longericher Sommer-Open A"]
[Site "?"]
[Date "2014.08.02"]
[Round "3.25"]
[White "Meyer, Stefan"]
[Black "Schilling, Florian"]
[Result "0-1"]
[WhiteElo "1740"]
[BlackElo "1936"]
[PlyCount "51"]
[EventDate "2015.??.??"]
[WhiteTeam "SV Grevenbroich 1953"]
[BlackTeam "Vereinslos"]

1. d4 e6 2. c4 Nf6 3. Nc3 b6 4. Bg5 Be7 5. e4 Bb7 6. e5 Ne4 7. Bxe7 Qxe7 8.
Nxe4 Bxe4 9. f3 Bb7 10. Qd2 Nc6 11. O-O-O O-O-O 12. Qe3 d6 13. exd6 Rxd6 14. c5
bxc5 15. dxc5 Rxd1+ 16. Kxd1 Rd8+ 17. Kc1 Rd5 18. Ne2 Rxc5+ 19. Nc3 Nb4 20. Kb1
Nd5 21. Nxd5 Bxd5 22. Qa3 a5 23. Ba6+ Kd8 24. Rd1 Ke8 25. b4 axb4 26. Qxb4 0-1

[Event "11. Longericher Sommer-Open A"]
[Site "?"]
[Date "2014.08.02"]
[Round "3.26"]
[White "Schwark, Mario"]
[Black "Schumacher, Markus"]
[Result "1-0"]
[WhiteElo "1933"]
[BlackElo "1721"]
[PlyCount "51"]
[EventDate "2015.??.??"]
[WhiteTeam "SG Kalker/Deutze"]
[BlackTeam "Godesberger SK 1929 e.V."]

1. d4 Nf6 2. c4 g6 3. Nc3 Bg7 4. e4 d6 5. f3 O-O 6. Be3 Na6 7. Qd2 Re8 8. g4 c5
9. Nge2 cxd4 10. Nxd4 Nc5 11. h4 Nfd7 12. h5 Nf8 13. hxg6 fxg6 14. Bh6 Bh8 15.
b4 Nce6 16. Nf5 gxf5 17. gxf5 Nd4 18. Qg5+ Ng6 19. Kf2 e6 20. fxg6 Qxg5 21.
gxh7+ Kxh7 22. Bxg5+ Kg6 23. Bd2 Bd7 24. Bd3 Kf7 25. Rh7+ Kg6 26. Rxd7 1-0

[Event "11. Longericher Sommer-Open A"]
[Site "?"]
[Date "2014.08.02"]
[Round "3.27"]
[White "Lambertz, Michael"]
[Black "Suvorov, Luca"]
[Result "1-0"]
[WhiteElo "1995"]
[BlackElo "1644"]
[PlyCount "150"]
[EventDate "2015.??.??"]
[WhiteTeam "SF Esch e.V."]
[BlackTeam "SG Porz e.V."]

1. e4 c6 2. d4 d5 3. exd5 cxd5 4. c4 Nf6 5. Nc3 e6 6. Nf3 Be7 7. c5 O-O 8. Bg5
b6 9. b4 a5 10. a3 axb4 11. axb4 Rxa1 12. Qxa1 bxc5 13. bxc5 h6 14. Bf4 Nc6 15.
Bb5 Bd7 16. O-O g5 17. Be3 Nb4 18. Bxd7 Qxd7 19. Ne5 Qc8 20. Qa4 Na6 21. Rb1
Nb8 22. Qa7 Re8 23. h4 Nfd7 24. Nxd7 Qxd7 25. Rb7 Qd8 26. hxg5 hxg5 27. Rc7 f6
28. Nb5 Bf8 29. Bd2 Re7 30. Ba5 Qe8 31. Qb7 Rxc7 32. Bxc7 Nc6 33. Bd6 Be7 34.
Nc7 Qh5 35. Qc8+ Nd8 36. f3 Qf7 37. Qd7 Bxd6 38. Qxd6 Qf8 39. Qd7 Nf7 40. Nxe6
Qa8 41. Kh2 Qb8+ 42. Qc7 Qe8 43. Qb6 Kh7 44. Qa6 Qb8+ 45. Kh3 Qb1 46. Kh2 Qe1
47. Qd3+ Kh6 48. Qf5 Qh4+ 49. Qh3 Qxh3+ 50. Kxh3 Kg6 51. Nc7 Nd8 52. Nxd5 Nc6
53. g4 Nxd4 54. Kg3 Kf7 55. Kf2 Ke6 56. Nb4 Nb3 57. c6 Kd6 58. Ke3 Nc5 59. Kd4
Ne6+ 60. Ke4 Ng7 61. Nd5 Kxc6 62. Nxf6 Kd6 63. Nh7 Ne6 64. Nf6 Ke7 65. Ke5 Ng7
66. Ne4 Ne6 67. Kd5 Nf4+ 68. Ke5 Ne6 69. Nd6 Nf4 70. Nc8+ Kd7 71. Nb6+ Ke7 72.
Nd5+ Nxd5 73. Kxd5 Kf6 74. Kd6 Kf7 75. Ke5 Kg7 1-0

[Event "11. Longericher Sommer-Open A"]
[Site "?"]
[Date "2014.08.02"]
[Round "3.28"]
[White "Alexopoulos, Spiros Orestis"]
[Black "Runte, Dirk"]
[Result "1-0"]
[WhiteElo "1761"]
[BlackElo "1758"]
[PlyCount "71"]
[EventDate "2015.??.??"]
[WhiteTeam "Aachener SV 1856 e.V."]
[BlackTeam "SV Fideler Bauer Lever"]

1. c4 Nf6 2. Nc3 g6 3. e4 d6 4. g3 Bg7 5. Bg2 c5 6. Nge2 Nc6 7. O-O O-O 8. d3
a6 9. h3 Rb8 10. f4 e6 11. g4 Nd4 12. Nxd4 cxd4 13. Ne2 b5 14. Ng3 bxc4 15.
dxc4 Qb6 16. f5 d3+ 17. Kh2 Qd4 18. g5 Nh5 19. Nxh5 gxh5 20. f6 Bh8 21. Rb1 d2
22. Qxd2 Qxc4 23. b3 Qb4 24. Qxb4 Rxb4 25. Ba3 Rb6 26. Rfd1 Rd8 27. Rbc1 Bb7
28. Rc7 h4 29. Rxd6 Rbxd6 30. Bxd6 Rxd6 31. Rxb7 h6 32. e5 Rd2 33. Kg1 Rd1+ 34.
Kf2 Rd2+ 35. Kf1 Rd4 36. Ke2 1-0

[Event "11. Longericher Sommer-Open A"]
[Site "?"]
[Date "2014.08.03"]
[Round "4.1"]
[White "Khanukov, Boris"]
[Black "Jesse, Ingemars"]
[Result "0-1"]
[WhiteElo "2339"]
[BlackElo "2363"]
[PlyCount "102"]
[EventDate "2015.??.??"]
[WhiteTeam "Bahn-SC Wuppertal"]
[BlackTeam "SG Bochum 1931"]

1. d4 d6 2. Nf3 g6 3. c4 Bg7 4. Nc3 e5 5. dxe5 dxe5 6. Qxd8+ Kxd8 7. Bg5+ f6 8.
O-O-O+ Ke8 9. Bd2 Be6 10. e3 Nh6 11. h3 Nf7 12. b3 c6 13. Be2 Bf8 14. Kb2 Nd7
15. Ne1 a5 16. Nc2 Nc5 17. a4 Kd8 18. e4 Kc7 19. Be3 Be7 20. Rhe1 Rad8 21. f3
h5 22. Rxd8 Rxd8 23. Rd1 Rg8 24. Ne1 Bd7 25. Rd2 Nd8 26. f4 exf4 27. Bxf4+ Kc8
28. Nf3 Re8 29. Bd1 Bf8 30. Bc2 Bg7 31. Bd6 Na6 32. e5 f5 33. Nh4 Re6 34. g4
hxg4 35. hxg4 fxg4 36. Nxg6 Nf7 37. Bf5 Rxg6 38. Bxg6 Nxe5 39. Bxe5 Bxe5 40.
Re2 Bd4 41. Re4 Bf6 42. Rf4 Be5 43. Re4 Bf6 44. Be8 Bf5 45. Re3 Bd4 46. Rg3 Be5
47. Re3 Nb4 48. Bh5 Kc7 49. c5 Kd7 50. Bf7 Bd4 51. Re8 Nd3+ 0-1

[Event "11. Longericher Sommer-Open A"]
[Site "?"]
[Date "2014.08.03"]
[Round "4.2"]
[White "Rotstein, Jefim"]
[Black "Schäfers, Andreas"]
[Result "1-0"]
[WhiteElo "2356"]
[BlackElo "2023"]
[PlyCount "55"]
[EventDate "2015.??.??"]
[WhiteTeam "SC Tornado 86 Hochneukirch"]
[BlackTeam "SV Koblenz 03/25"]

1. d4 d5 2. Nf3 Nf6 3. e3 e6 4. Bd3 Nbd7 5. O-O Be7 6. Nbd2 O-O 7. b3 b6 8. Bb2
Bb7 9. a3 Rc8 10. Ne5 c5 11. Qf3 Qc7 12. Qh3 a6 13. Nxd7 Qxd7 14. dxc5 Ne4 15.
cxb6 f5 16. Nf3 Qc6 17. Ne5 Qd6 18. Bd4 Bf6 19. f4 Nc5 20. b4 Na4 21. Rad1 Bxe5
22. fxe5 Qc6 23. g4 g6 24. gxf5 exf5 25. Rd2 Qe6 26. Rg2 Kh8 27. Qh6 Rf7 28.
Bxf5 1-0

[Event "11. Longericher Sommer-Open A"]
[Site "?"]
[Date "2014.08.03"]
[Round "4.3"]
[White "Liparteliani, Akaki"]
[Black "Lindam, Ingo"]
[Result "1-0"]
[WhiteElo "1817"]
[BlackElo "2076"]
[PlyCount "109"]
[EventDate "2015.??.??"]
[BlackTeam "Kölner SK Dr. Lasker 186"]

1. e4 c5 2. Nf3 e6 3. d4 cxd4 4. Nxd4 Nc6 5. Nc3 Qc7 6. Be3 a6 7. Be2 Nf6 8.
O-O Bb4 9. Nxc6 bxc6 10. Na4 Be7 11. Nb6 Rb8 12. Nxc8 Qxc8 13. b3 c5 14. Qd3
Rb6 15. c4 d6 16. Bd2 O-O 17. f4 Rd8 18. Ba5 Nd7 19. Rad1 Bf6 20. g4 Bd4+ 21.
Kh1 Rb8 22. Bxd8 Qxd8 23. Qg3 Qa5 24. a4 Nf6 25. Qf3 Qb4 26. g5 Nd7 27. Rb1 Qa3
28. h4 Qa2 29. Qd3 Qa3 30. Bd1 Qb4 31. Bc2 e5 32. f5 Qc3 33. Rfd1 Qxd3 34. Rxd3
a5 35. Kg2 Rb7 36. Kf3 Nb8 37. Kg4 Nc6 38. Rh3 Nb4 39. Bd1 Nc6 40. h5 Nb4 41.
g6 Na2 42. Bc2 Nb4 43. Bd1 Na2 44. Bc2 Nb4 45. Bd3 Na2 46. gxh7+ Kxh7 47. h6
Nc3 48. Rb2 Nxa4 49. Ra2 Nb2 50. hxg7+ Kxg7 51. Rxa5 Rxb3 52. Kg5 f6+ 53. Kh5
Nxc4 54. Ra7+ Kg8 55. Kg6 1-0

[Event "11. Longericher Sommer-Open A"]
[Site "?"]
[Date "2014.08.03"]
[Round "4.4"]
[White "Baltic, Fatih"]
[Black "Walter, Andreas"]
[Result "1/2-1/2"]
[WhiteElo "1795"]
[BlackElo "2056"]
[PlyCount "50"]
[EventDate "2015.??.??"]
[WhiteTeam "SG Porz e.V."]
[BlackTeam "SV Dinslaken 1923 e.V."]

1. e4 c5 2. Nc3 e6 3. g3 d5 4. exd5 exd5 5. Bg2 d4 6. Ne4 Nf6 7. d3 Be7 8. Ne2
O-O 9. O-O Nbd7 10. Nf4 Nxe4 11. dxe4 Nb6 12. Re1 Bd7 13. Bd2 Nc4 14. b3 Nxd2
15. Qxd2 Bg5 16. Qd3 Bxf4 17. gxf4 Qh4 18. Qg3 Qxg3 19. fxg3 Rad8 20. Bf1 Bc6
21. Rad1 Rfe8 22. e5 Bd5 23. Bg2 Kf8 24. Rd2 Ke7 25. Red1 Bxg2 1/2-1/2

[Event "11. Longericher Sommer-Open A"]
[Site "?"]
[Date "2014.08.03"]
[Round "4.5"]
[White "Lenhardt, Manfred"]
[Black "Hennig, Edgar"]
[Result "1/2-1/2"]
[WhiteElo "2103"]
[BlackElo "1882"]
[PlyCount "54"]
[EventDate "2015.??.??"]
[WhiteTeam "SC Weisse Dame e.V."]
[BlackTeam "Satranç Club 2000 e.V."]

1. d4 Nf6 2. c4 e6 3. Nf3 Bb4+ 4. Nbd2 b6 5. g3 Bb7 6. Bg2 O-O 7. O-O Re8 8. a3
Bxd2 9. Bxd2 a5 10. Rc1 d6 11. c5 Bd5 12. cxb6 cxb6 13. Qa4 e5 14. dxe5 dxe5
15. Rfd1 Qd7 16. Qxd7 Nbxd7 17. Be3 Rac8 18. Bh3 Rxc1 19. Rxc1 Kf8 20. Rc7 Be6
21. Bxe6 Rxe6 22. Nd2 Ke7 23. Ra7 Nd5 24. Nc4 f6 25. Bd2 Rc6 26. Ne3 Nxe3 27.
Bxe3 Ke6 1/2-1/2

[Event "11. Longericher Sommer-Open A"]
[Site "?"]
[Date "2014.08.03"]
[Round "4.6"]
[White "Herzum, Peter"]
[Black "Kagan, Dennis"]
[Result "1-0"]
[WhiteElo "1948"]
[BlackElo "1682"]
[PlyCount "89"]
[EventDate "2015.??.??"]
[WhiteTeam "Düsseldorfer SK 14/25 e."]
[BlackTeam "SG Porz e.V."]

1. e4 c5 2. Nf3 d6 3. d4 cxd4 4. Nxd4 Nf6 5. Nc3 g6 6. Be3 Bg7 7. f3 O-O 8. Qd2
Nc6 9. O-O-O Nxd4 10. Bxd4 Be6 11. Kb1 a6 12. h4 b5 13. h5 Rc8 14. g4 b4 15.
Nd5 Bxd5 16. exd5 Qa5 17. h6 Bh8 18. g5 Nd7 19. Bxh8 Kxh8 20. Bh3 Rc7 21. Bxd7
Rxd7 22. Rhe1 Qc5 23. Re4 a5 24. Rde1 Qa7 25. c3 b3 26. c4 bxa2+ 27. Kxa2 Qc7
28. Qc3+ f6 29. Re6 Kg8 30. R1e4 Qd8 31. Rf4 Rf7 32. gxf6 exf6 33. Rexf6 Qf8
34. Rxf7 Rxf7 35. Rxf7 Qxf7 36. Ka3 Qf8 37. Qe3 Qd8 38. Qe6+ Kf8 39. c5 dxc5
40. d6 a4 41. f4 g5 42. Qf5+ Ke8 43. Qe5+ Kd7 44. fxg5 Qg8 45. Qg7+ 1-0

[Event "11. Longericher Sommer-Open A"]
[Site "?"]
[Date "2014.08.03"]
[Round "4.7"]
[White "Hajek, Florian"]
[Black "Bieberle, Gerhart"]
[Result "1/2-1/2"]
[WhiteElo "1879"]
[BlackElo "1917"]
[PlyCount "79"]
[EventDate "2015.??.??"]
[WhiteTeam "Pulheimer Sport-Club 1924/57 e.V"]
[BlackTeam "Post-Telekom SV 1925 Aachen e.V."]

1. Nf3 c5 2. c4 Nc6 3. e3 g6 4. d4 cxd4 5. Nxd4 Bg7 6. Nxc6 bxc6 7. Qc2 Rb8 8.
Nc3 e6 9. Be2 Ne7 10. O-O O-O 11. e4 f5 12. Bg5 h6 13. Bxe7 Qxe7 14. exf5 gxf5
15. f4 Bd4+ 16. Kh1 Qg7 17. Nd1 Kh8 18. g3 c5 19. Rb1 Bb7+ 20. Bf3 Rg8 21. Bxb7
Rxb7 22. Qg2 Rb6 23. Rf3 a5 24. b3 a4 25. Rd3 Rgb8 26. Qf3 e5 27. fxe5 Qxe5 28.
Ne3 Rf6 29. Nd5 Rf7 30. Qf4 Qe4+ 31. Qxe4 fxe4 32. Rdd1 axb3 33. Rxb3 Rbf8 34.
Nf4 Kh7 35. Re1 Re8 36. Kg2 Kg8 37. Re2 Rf6 38. Nd5 Rf7 39. Nf4 Kh7 40. Rb6
1/2-1/2

[Event "11. Longericher Sommer-Open A"]
[Site "?"]
[Date "2014.08.03"]
[Round "4.8"]
[White "Harff, Marcel"]
[Black "Schwark, Mario"]
[Result "1-0"]
[WhiteElo "2325"]
[BlackElo "1933"]
[PlyCount "63"]
[EventDate "2015.??.??"]
[WhiteTeam "SG Hochneukirch"]
[BlackTeam "SG Kalker/Deutze"]

1. c4 g6 2. d4 Bg7 3. Nc3 Nf6 4. e4 d6 5. f3 O-O 6. Be3 e5 7. Nge2 Nc6 8. d5
Ne7 9. g4 c6 10. Ng3 b5 11. g5 Ne8 12. cxb5 cxb5 13. Bxb5 Bh3 14. Bf1 Qd7 15.
Qa4 Qc8 16. Qa6 Qxa6 17. Bxa6 Bg2 18. Rg1 Bxf3 19. Kd2 f5 20. gxf6 Nxf6 21. h3
Nd7 22. b4 Rab8 23. a3 Nb6 24. Rac1 h5 25. Kd3 Rf7 26. Nb5 Nec8 27. a4 Rf8 28.
a5 Na8 29. Nf1 Kh7 30. Nd2 Bh6 31. Rxc8 Rfxc8 32. Bxc8 1-0

[Event "11. Longericher Sommer-Open A"]
[Site "?"]
[Date "2014.08.03"]
[Round "4.9"]
[White "Kuhn, Andreas"]
[Black "Lamprecht, Mark"]
[Result "0-1"]
[WhiteElo "1926"]
[BlackElo "2190"]
[PlyCount "126"]
[EventDate "2015.??.??"]
[WhiteTeam "SG Niederkassel"]
[BlackTeam "SF Lohmar 1974 e.V."]

1. Nf3 f5 2. g3 Nf6 3. Bg2 c6 4. O-O g6 5. d4 Bg7 6. b4 O-O 7. Bb2 d6 8. c4 e5
9. dxe5 Ng4 10. c5 dxe5 11. Qb3+ Kh8 12. h3 e4 13. Bxg7+ Kxg7 14. hxg4 exf3 15.
Qb2+ Qf6 16. Qxf6+ Kxf6 17. g5+ Kxg5 18. Bxf3 a5 19. b5 cxb5 20. Nc3 b4 21. Nd5
Na6 22. a3 b3 23. Rab1 Nxc5 24. Rfc1 Ne4 25. Nb6 Be6 26. Nxa8 Rxa8 27. Bxe4
fxe4 28. Rc7 Rb8 29. Rxh7 b5 30. Re7 Kf6 31. Rxe6+ Kxe6 32. Rxb3 Kd5 33. Kf1
Kc4 34. Re3 Kd4 35. Ke1 b4 36. axb4 axb4 37. Kd2 b3 38. Kc1 b2+ 39. Kb1 Rf8 40.
Kxb2 Rxf2 41. Ra3 Rxe2+ 42. Kc1 Rg2 43. Kd1 e3 44. Ra4+ Kd3 45. Ra3+ Ke4 46.
Ra8 g5 47. Rg8 Rxg3 48. Re8+ Kf3 49. Rf8+ Kg2 50. Ke2 Kh3 51. Rh8+ Kg4 52. Rf8
Rh3 53. Rf7 Kg3 54. Kxe3 g4 55. Ke2 Rh1 56. Rg7 Ra1 57. Rg8 Rh1 58. Rg7 Rh4 59.
Kf1 Kh2 60. Ra7 g3 61. Ra2+ Kh1 62. Ra1 g2+ 63. Kf2+ Kh2 0-1

[Event "11. Longericher Sommer-Open A"]
[Site "?"]
[Date "2014.08.03"]
[Round "4.10"]
[White "Heinert, Eugen"]
[Black "Kossack, Philipp"]
[Result "1-0"]
[WhiteElo "2172"]
[BlackElo "1913"]
[PlyCount "49"]
[EventDate "2015.??.??"]
[WhiteTeam "OSC Rheinhausen 04 e.V."]
[BlackTeam "SG Porz e.V."]

1. d4 Nf6 2. Nc3 d6 3. e4 Nbd7 4. f4 g6 5. e5 Nh5 6. Be2 Ng7 7. Nf3 c6 8. O-O
d5 9. f5 Nxf5 10. g4 Nh6 11. Ng5 Nb6 12. Qd3 Bg7 13. Qh3 f5 14. e6 O-O 15. gxf5
Rxf5 16. Rxf5 gxf5 17. Kh1 Qf8 18. Bf4 Kh8 19. Rg1 Nc4 20. Bxc4 dxc4 21. Qxh6
Bxh6 22. Nf7+ Qxf7 23. exf7 Bg7 24. Be5 Bxe5 25. f8=R# 1-0

[Event "11. Longericher Sommer-Open A"]
[Site "?"]
[Date "2014.08.03"]
[Round "4.11"]
[White "Leontiev, Oleg"]
[Black "Evers, Leo"]
[Result "1/2-1/2"]
[WhiteElo "1900"]
[BlackElo "2087"]
[PlyCount "73"]
[EventDate "2015.??.??"]
[WhiteTeam "1. Schach-Klub Troisdorf e.V."]
[BlackTeam "SG Porz e.V."]

1. d4 Nf6 2. Nf3 c5 3. e3 e6 4. Bd3 b6 5. Qe2 Bb7 6. Nbd2 Be7 7. b3 O-O 8. O-O
Nc6 9. a3 Nd5 10. c4 Nf6 11. Bb2 d6 12. Ng5 h6 13. Ngf3 Qc7 14. Rad1 Rad8 15.
e4 cxd4 16. Nxd4 Nxd4 17. Bxd4 Nd7 18. Nf3 Ne5 19. Bb1 Bf6 20. Rd2 Nxf3+ 21.
Qxf3 Bxd4 22. Rxd4 Qc5 23. Rd2 a5 24. a4 e5 25. Qg3 Rfe8 26. Kh1 Re6 27. f3 Qe3
28. Rd3 Qg5 29. Qxg5 hxg5 30. h3 Kf8 31. Kg1 Ke7 32. Kf2 Rf6 33. Ke3 Rf4 34.
Rdd1 Rh4 35. Rf2 Rhh8 36. Rfd2 Rd7 37. Bd3 1/2-1/2

[Event "11. Longericher Sommer-Open A"]
[Site "?"]
[Date "2014.08.03"]
[Round "4.12"]
[White "van der Valk, Niklas"]
[Black "Heyn, Peter"]
[Result "1-0"]
[WhiteElo "2087"]
[BlackElo "1882"]
[PlyCount "73"]
[EventDate "2015.??.??"]
[WhiteTeam "Godesberger SK 1929 e.V."]
[BlackTeam "Düsseldorfer SV 1854"]

1. d4 Nf6 2. c4 c5 3. d5 b5 4. Qc2 g6 5. e4 d6 6. cxb5 a6 7. Nc3 Bg7 8. Nf3
Nfd7 9. Be2 O-O 10. O-O axb5 11. Nxb5 Ba6 12. a4 Nf6 13. Rb1 Nbd7 14. b3 Qa5
15. Bb2 Rfb8 16. h3 Qd8 17. Rbd1 Nb6 18. Rfe1 Bb7 19. Bf1 Rc8 20. Nd2 Ba6 21.
Na3 Bxf1 22. Kxf1 Qd7 23. Ndc4 Nxc4 24. Qxc4 Rcb8 25. Nb5 Ne8 26. Bxg7 Kxg7 27.
e5 Nc7 28. e6 fxe6 29. dxe6 Qd8 30. Rd3 Nxb5 31. axb5 Qa5 32. Rf3 Rf8 33. Rf7+
Rxf7 34. exf7 Qb4 35. Qxb4 cxb4 36. Rxe7 Rb8 37. Re8 1-0

[Event "11. Longericher Sommer-Open A"]
[Site "?"]
[Date "2014.08.03"]
[Round "4.13"]
[White "Arlt, Klaus"]
[Black "Ramien, David"]
[Result "1/2-1/2"]
[WhiteElo "2069"]
[BlackElo "1880"]
[PlyCount "108"]
[EventDate "2015.??.??"]
[WhiteTeam "SF Köln-Mülheim"]
[BlackTeam "SG Porz e.V."]

1. c4 g6 2. Nc3 Bg7 3. Nf3 d6 4. d4 Nd7 5. Bg5 Ngf6 6. e3 O-O 7. Be2 h6 8. Bh4
a6 9. O-O c6 10. Qc2 b5 11. Nd2 Bb7 12. Bf3 bxc4 13. Nxc4 Rb8 14. b4 Ba8 15.
Rab1 Nb6 16. Nd2 Nbd5 17. Nxd5 cxd5 18. Qa4 Qb6 19. Be2 Bb7 20. Rfc1 Rfc8 21.
Bxf6 Bxf6 22. Nb3 e6 23. a3 Bd8 24. Na5 Ba8 25. Qd1 Qa7 26. Rxc8 Rxc8 27. Rc1
Rxc1 28. Qxc1 Bxa5 29. Qc8+ Kg7 30. bxa5 Bb7 31. Qc7 Qa8 32. Qxd6 Qc8 33. Qc5
Qd7 34. h3 Kf6 35. Bd1 Bc6 36. Be2 Bb7 37. Bd3 Kg7 38. f3 f5 39. e4 fxe4 40.
fxe4 dxe4 41. Bxe4 Bxe4 42. Qe5+ Kf7 43. Qxe4 Qd6 44. Qb7+ Kf6 45. Qb6 Qxa3 46.
Qxa6 Qe3+ 47. Kf1 Qc1+ 48. Kf2 Qd2+ 49. Kf3 Qc3+ 50. Ke2 Qc2+ 51. Ke3 Qc1+ 52.
Kf2 Qd2+ 53. Kf3 Qc3+ 54. Ke2 Qc2+ 1/2-1/2